Vista de la causa seguida contra el señor Sánchez Guerra / (Record no. 154721)

MARC details
000 -LEADER
campo de control de longitud fija 00665nam a22001815i 4500
001 - NÚMERO DE CONTROL
campo de control 154721
003 - IDENTIFICADOR DE NÚMERO DE CONTROL
campo de control ES-MaACL
005 - FECHA Y HORA DE LA ÚLTIMA TRANSACCIÓN
campo de control 20250927135239.0
008 - DATOS DE LONGITUD FIJA--INFORMACIÓN GENERAL
campo de control de longitud fija 160208s1929 sp |||| | spa d
100 0# - ENTRADA PRINCIPAL--NOMBRE DE PERSONA
Nombre de persona Ayensa, Emilio.
9 (RLIN) 24142
245 10 - MENCIÓN DEL TÍTULO
Título Vista de la causa seguida contra el señor Sánchez Guerra /
Mención de responsabilidad, etc. Emilio Ayensa.
260 ## - PUBLICACIÓN, DISTRIBUCIÓN, ETC.
Lugar de publicación, distribución, etc. Madrid :
Nombre del editor, distribuidor, etc. Caro Raggio,
Fecha de publicación, distribución, etc. 1929.
300 ## - DESCRIPCIÓN FÍSICA
Extensión 206 p., [1] h. de lám. ;
Dimensiones 19 cm.
600 17 - PUNTO DE ACCESO ADICIONAL DE MATERIA--NOMBRE DE PERSONA
Nombre de persona Sánchez Guerra, José,
Fechas asociadas al nombre 1859-1935-
Subdivisión general Procesos
Fuente del encabezamiento o término
9 (RLIN) 158708
700 0# - ENTRADA AGREGADA--NOMBRE PERSONAL
Nombre de persona Sánchez Guerra, Rafael.
9 (RLIN) 102691
852 ## - LOCALIZACIÓN
Ubicación ES-MaACL
Número de control de estantería L-30208
Nota libre .- Donat. herederos de la bibl. de Mª del Pilar Costa Palacín
Holdings
Estatus retirado Estado de pérdida Estado de daño No para préstamo Biblioteca de origen Biblioteca actual Ubicación en estantería Fecha de adquisición Fuente de adquisición Total de préstamos Signatura topográfica completa Código de barras Visto por última vez Precio de reemplazo Tipo de ítem Koha
        Biblioteca del Ateneo de Madrid Biblioteca del Ateneo de Madrid Depósito 2 08/02/2016     L-30208 1194694 23/02/2023 23/02/2023 Libro impreso